| 000 | 00508nam a2200181Ia 4500 | ||
|---|---|---|---|
| 003 | OSt | ||
| 005 | 20241003150731.0 | ||
| 008 | 210210b1964 xxu||||| |||| 00| 0 eng d | ||
| 040 | _cAL | ||
| 041 | _akan | ||
| 082 | _a853/567 | ||
| 100 |
_aSUNANDAMMA (T) _9162196 _d ಸುನಂದಮ್ಮ (ಟಿ) |
||
| 245 |
_aChikkappana uyilu: _bಚಿಕ್ಕಪ್ಪನ ಉಯಿಲು |
||
| 260 |
_aBengaluru _bH N Rao Brothers _c1964 |
||
| 690 |
_aKannada Drama _9162197 |
||
| 906 | _a019837 | ||
| 942 |
_2ddc _cBK |
||
| 999 |
_c143987 _d143987 |
||